People skills : how to assert yourself, listen to others and resolve conflicts

Bibliographic Details
Main Author: Bolton, Robert (Author)
Format: Book
Published: New York : Simon & Schuster , 1979
Subjects:

MARC

LEADER 00000cam a2200000 7i4500
001 0000008639
005 20040930093000.0
020 |a 067162248X 
090 0 0 |a P90   |b .B6 
100 0 |a Bolton, Robert ,   |e author 
245 1 0 |a People skills :   |b how to assert yourself, listen to others and resolve conflicts   |c Robert Bolton 
260 2 |a New York :   |b Simon & Schuster ,   |c 1979 
300 |a 300 p. ;   |c 20 cm. 
500 |a A Touchstone Book 
504 |a Includes bibliographical references and index 
650 0 |a Communication 
999 |a 1000029422   |b Book   |c OPEN SHELF (30 DAYS)   |e Gong Badak Campus 
999 |a 1000029423   |b Book   |c OPEN SHELF (30 DAYS)   |e Gong Badak Campus